Cumul des lettres des préfectures françaises - Statistiques

Statistiques générales
  • Ce quiz a été pris 18 fois
  • Le résultat moyen est 2 sur 21
Statistiques - réponses
Nombre Lettre % Correct
76 A / N
100%
104 E
100%
64 R
33%
53 O
7%
20 B
0%
34 C
0%
11 D / H / Y
0%
5 F
0%
15 G
0%
40 I
0%
2 J
0%
45 L
0%
23 M
0%
12 P
0%
1 Q
0%
49 S
0%
29 T
0%
37 U
0%
13 V
0%
6 X
0%
4 Z
0%
Aucun quiz correspondant
Distribution des résultats
% des personnes avec chaque résultat
Percentile par nombre de réponses
Votre historique - résultats
Vous n’avez pas pris ce quiz